| 000 | 00556cam a22001451 4500 | ||
|---|---|---|---|
| 040 | _cFTaSU | ||
| 082 | _a641 641 EDI 1970 A076 Or. | ||
| 245 | 0 | 0 | _aActivités vitaminiques et technologie des denrées alimentaires, |
| 260 |
_a[Paris, _bÉditions du Centre national de la recherche scientifique, _c1970] |
||
| 300 |
_a551 p. _billus. _c24 cm. |
||
| 490 | 1 | _aLes Journées scientifiques du Centre national de coordination des études et recherches sur la nutrition et l'alimentation, | |
| 650 | 0 | _aVitamins | |
| 650 | 0 | _aFood industry and trade | |
| 942 | _cEK | ||
| 999 |
_c15362 _d15362 |
||